Structral design in metals (Record no. 11702)

000 -LEADER
fixed length control field 00502nam a22001937a 4500
001 - CONTROL NUMBER
control field 11702
003 - CONTROL NUMBER IDENTIFIER
control field BD-DhUET
008 - FIXED-LENGTH DATA ELEMENTS--GENERAL INFORMATION
fixed length control field 150218b xxu||||| |||| 00| 0 eng d
040 ## - CATALOGING SOURCE
Original cataloging agency DLC
Transcribing agency DLC
Modifying agency BD-DhUET
082 ## - DEWEY DECIMAL CLASSIFICATION NUMBER
Classification number 624.182
Item number WIL/1957
100 ## - MAIN ENTRY--PERSONAL NAME
Personal name Willims, Clifford D.
245 ## - TITLE STATEMENT
Title Structral design in metals
250 ## - EDITION STATEMENT
Edition statement 2nd ed.
260 ## - PUBLICATION, DISTRIBUTION, ETC. (IMPRINT)
Place of publication, distribution, etc. New York
Name of publisher, distributor, etc. Ronald Press
Date of publication, distribution, etc. 1957
300 ## - PHYSICAL DESCRIPTION
Extent viii, 655 p.
Other physical details ill.
Dimensions 17 cm.
650 #0 - SUBJECT ADDED ENTRY--TOPICAL TERM
Topical term or geographic name as entry element Metals Structural Engg
700 ## - ADDED ENTRY--PERSONAL NAME
Personal name Harris, Ernest C.
942 ## - ADDED ENTRY ELEMENTS (KOHA)
Koha item type General Book
Holdings
Withdrawn status Sublocation or collection (holding branch) Source of classification or shelving scheme Koha item type Koha full call number Shelving location Koha date last seen Piece designation (barcode) Price effective from Damaged status Location (home branch) Lost status Not for loan Copy number Date acquired Koha normalized classification for sorting
 Central Library, BUET General Book624.182/WIL/1957Circulation section2015-02-18612242015-02-18 Central Library, BUET  12015-02-18624_182000000000000_WIL_1957
 Central Library, BUET General Book624.182/WIL/1957Circulation section2015-02-18424282015-02-18 Central Library, BUET  22015-02-18624_182000000000000_WIL_1957
 Central Library, BUET General Book624.182/WIL/1957Circulation section2015-02-18115602015-02-18 Central Library, BUET  32015-02-18624_182000000000000_WIL_1957
 Central Library, BUET General Book624.182/WIL/1957Circulation section2015-02-18611472015-02-18 Central Library, BUET  42015-02-18624_182000000000000_WIL_1957
 Central Library, BUET General Book624.182/WIL/1957Circulation section2015-05-10423572015-05-10 Central Library, BUET  52015-05-10624_182000000000000_WIL_1957
 Central Library, BUET General Book624.182/WIL/1957Circulation section2015-05-12115592015-05-12 Central Library, BUET  62015-05-12624_182000000000000_WIL_1957